[Event "3rd HoliCup Lake City 2019"]
[Site "Udaipur"]
[Date "2019.03.29"]
[Round "3.5"]
[White "Nitul, Khare"]
[Black "Palit, Somak"]
[Result "1/2-1/2"]
[WhiteElo "1651"]
[BlackElo "2330"]
[Annotator "TA"]
[PlyCount "92"]
[EventDate "2019.??.??"]
[EventCountry "IND"]
[SourceTitle "playchess.com"]
[Source "ChessBase"]
[SourceQuality "1"]

{[%evp 9,92,56,131,28,30,38,28,-39,-37,-80,-79,-58,-57,-68,-69,-80,-78,-76,-83,-89,-83,-74,-63,-79,-68,-162,-182,-147,-137,-196,-175,-216,-150,-156,-38,-30,-33,-22,-22,-13,-18,-21,-10,-42,-36,-32,-36,-34,-34,-30,-25,-40,-26,-29,-27,-34,-18,-30,0,0,0,0,0,-12,138,137,142,163,146,0,0,0,156,168,184,184,343,333,548,537,578,297,281,-29982,77]} 1. e4 c5 2. c3 Qa5 3. Nf3 Nc6 4. Na3 g6 (4... Nf6 5. e5 Nd5 6. Bc4 e6 7. O-O Nc7 8. Bd3 b5 9. Be4 Bb7 10. d4 cxd4 11. cxd4 h6 12. Bd2 Qa6 13. Nc2 Ne7 14. Bd3 Qb6 15. a4 bxa4 16. Ne3 Bd5 17. Rxa4 Nc6 18. Nxd5 Nxd5 19. Qe2 Qb8 20. Ne1 Nce7 21. Qe4 {½-½ (21) Zhigalko,S (2646)-Andreikin,D (2659) Puerto Madryn 2009}) 5. d4 cxd4 6. Nxd4 $146 {B22: Sicilian: 2 c3} (6. Nc4 $16 Qd8 7. cxd4 (7. Nxd4 Bg7 $14)) ({Predecessor:} 6. Nc4 Qd8 7. cxd4 Bg7 8. d5 Na5 9. d6 e6 10. Bg5 f6 11. Bd2 Nc6 12. Be2 {½-½ (41) Doric,N (2320)-Golubovic,B (2385) Pula 1996}) 6... Bg7 $11 7. Be3 Nf6 8. Nxc6 ({Better is} 8. Nc4 $11 Qc7 9. f3) 8... bxc6 $15 9. Nc4 Qc7 10. Bd3 O-O 11. Nd2 d5 12. h3 Rd8 13. Qc2 dxe4 14. Nxe4 Nd5 15. Bd2 f5 16. Ng3 e5 {White must now prevent ...e4.} 17. O-O-O (17. Bc4 $15) 17... Be6 $19 18. Bc4 Qf7 19. Bg5 (19. h4 $17) 19... Rd7 20. Ne2 h6 21. Be3 Nxc3 ({Don't do} 21... Nxe3 22. Bxe6 Rxd1+ 23. Rxd1 $17) (21... Rb7 $17 22. Bc5 Nxc3 $1 {[%mdl 512]} 23. Nxc3 Bxc4) 22. Bxe6 $1 $15 Rxd1+ 23. Rxd1 Nxe2+ 24. Qxe2 Qxe6 25. b3 a5 26. Qc4 Qxc4+ 27. bxc4 {[%mdl 4096] Endgame KRB-KRB} Bf8 28. Rd7 Rb8 29. Rc7 Ba3+ 30. Kc2 Rb2+ 31. Kc3 Rxa2 32. Rxc6 f4 33. Bb6 Kf7 34. Kb3 Ra1 35. Bxa5 Be7 36. Bc3 Ra3+ (36... Rg1 $11) 37. Kb2 $16 e4 38. Rc7 Ra4 39. Kb3 ({White has to play} 39. Be5 $16) 39... Ra3+ $1 $11 40. Kb2 $2 ({White should try} 40. Kc2 $11 Ra2+ 41. Kb3 Ra3+ 42. Kb2) 40... Ra4 $1 $16 41. Be5 e3 {[#]} 42. fxe3 $1 {Bd6 is the strong threat.} fxe3 $2 (42... Ke6 {was necessary.}) 43. Bd6 $1 $18 Ke6 $2 (43... Rxc4 {was worth a try.} 44. Rxe7+ {[%mdl 64] Double Attack} Kf6 45. Rxe3 h5) 44. Bxe7 g5 45. Bc5 Rxc4 {intending ...Kd5.} 46. Be7 $4 {[%mdl 8192]} (46. Re7+ $18 Kf6 47. Bd6) 46... Ra4 $2 {Accuracy: White = 45%, Black = 57%.} (46... Rxc7 {mates} 47. Bb4 Rb7 48. Kc2 Rxb4 49. Kd3 Rb3+ 50. Kc2 Ra3 51. Kd1 Kf5 52. Ke2 Ke4 53. Kf1 Kd3 54. Kg1 e2 55. Kf2 Kd2 56. Kg1 e1=Q+ 57. Kh2 Qg3+ 58. Kh1 Ra1#) 1/2-1/2

[Event "3rd HoliCup Lake City 2019"]
[Site "Udaipur"]
[Date "2019.03.29"]
[Round "3.6"]
[White "Sauravh, Khherdekar"]
[Black "Arora, Honi"]
[Result "1-0"]
[WhiteElo "2272"]
[BlackElo "1646"]
[Annotator "TA"]
[PlyCount "77"]
[EventDate "2019.??.??"]
[EventCountry "IND"]
[SourceTitle "playchess.com"]
[Source "ChessBase"]
[SourceQuality "1"]

{[%evp 9,77,0,72,34,68,76,100,91,94,28,162,37,58,47,62,70,124,122,360,334,735,752,693,672,772,784,772,716,637,481,544,547,700,712,674,440,442,426,531,505,661,648,666,662,659,657,626,606,1583,1564,1544,1425,2246,2255,1662,1460,5177,5166,29976,29973,29971,29973,29988,29989,29989,29987,29987,29988,29996,29997]} 1. d4 d5 2. Bf4 Nf6 3. e3 c5 4. dxc5 Nc6 5. Bb5 Bf5 $146 (5... Bd7 $11) ({Predecessor:} 5... Qa5+ 6. Nc3 a6 7. Bxc6+ bxc6 8. Nf3 e6 9. O-O Bd7 10. a3 Qxc5 11. Na4 Qa7 {1-0 (35) Grischuk,A (2771)-Anand,V (2816) Saint Louis 2015}) 6. b4 {D00: 1 d4 d5: Unusual lines} e6 7. Nf3 Nd7 8. Bxc6 {White is better.} bxc6 9. c3 (9. Nbd2 $16) 9... Qf6 {[#]} (9... Bg4 $11) 10. O-O (10. Qa4 $1 $18 e5 {[#]} 11. Nxe5 $1 {[%mdl 512]}) 10... a5 11. Qa4 $36 {[%mdl 2048] White has good play.} Ra6 12. Rc1 Bd3 (12... e5 $14) 13. Qd1 $16 Bb5 $2 (13... Bg6 $16 {was necessary.}) 14. Na3 $18 a4 $2 (14... Bc4 15. Nxc4 dxc4) 15. Nxb5 cxb5 16. Qe2 e5 {[#]} 17. Nxe5 $1 {[%mdl 512]} Nxe5 18. Bxe5 Qc6 19. Re1 f6 20. Bd4 Be7 21. e4 dxe4 22. Qxe4 Qxe4 23. Rxe4 {Rae1 is the strong threat.} Kf7 24. Rae1 Re8 25. c4 bxc4 26. b5 {Strongly threatening Rxe7+!} Ra5 27. b6 c3 28. Bxc3 Rxc5 {[#]} 29. Rxe7+ $1 {[%mdl 512]} Rxe7 30. Rxe7+ {[%mdl 4096] Endgame KRB-KR} Kg6 31. Be1 Rb5 32. b7 a3 33. g4 Rb2 34. Kg2 {White mates.} h6 {[#]} 35. Bd2 $1 h5 (35... Rxd2 36. b8=Q) 36. gxh5+ Kxh5 37. Bf4 g5 38. b8=Q gxf4 39. Qg8 {Accuracy: White = 57%, Black = 16%.} 1-0

[Event "3rd HoliCup Lake City 2019"]
[Site "Udaipur"]
[Date "2019.03.29"]
[Round "3.7"]
[White "Vikramaditya, Mukhija"]
[Black "Lokesh, N.."]
[Result "0-1"]
[WhiteElo "1627"]
[BlackElo "2157"]
[Annotator "TA"]
[PlyCount "67"]
[EventDate "2019.??.??"]
[EventCountry "IND"]
[SourceTitle "playchess.com"]
[Source "ChessBase"]
[SourceQuality "1"]

{[%evp 16,67,17,-37,0,-47,-50,-45,-59,-95,-96,-105,-101,-97,-81,-90,-85,-114,-120,-134,-127,-141,-103,-356,-360,-375,-362,-414,-375,-371,-393,-564,-566,-680,-679,-677,-679,-670,-662,-681,-673,-633,-582,-559,-444,-679,-673,-663,-543,-845,-837,-883,-877,-1463]} 1. e4 c5 2. Nf3 e6 3. d3 d5 4. Nbd2 Nc6 5. g3 Nf6 6. Bg2 Be7 7. O-O O-O 8. Re1 Nd7 9. e5 (9. d4 $11) 9... a5 {C00: French: Unusual White 2nd moves} (9... b5 10. Nf1 a5 11. h4 b4 12. Bf4 a4 13. a3 bxa3 14. bxa3 Re8 15. Ne3 Bb7 16. h5 Bf8 17. Rb1 Rb8 18. c4 dxc4 19. dxc4 Qc7 20. Qxa4 Nd4 21. Nd2 Bxg2 22. Nxg2 {½-½ (38) Giri,A (2785)-So,W (2815) chess.com INT 2017}) 10. c3 b5 11. d4 Ba6 {Black is slightly better.} 12. Nf1 b4 13. a3 bxc3 14. bxc3 Nb6 $146 ({Predecessor:} 14... Rb8 15. h4 Rb6 16. N1h2 Qb8 17. Bf4 Rb3 {0-1 (32) Carvalho,C (1965)-Sztokbant,B (2172) Florianopolis 2017}) 15. Ne3 a4 16. h4 Na5 17. Nd2 Rc8 18. Qh5 Bd3 19. f4 $2 {[%mdl 8192]} (19. Qf3 $17) 19... cxd4 $19 20. cxd4 Nbc4 21. Qd1 Nxe3 22. Rxe3 Bc2 23. Qe2 (23. Qe1 $142 Qb6 24. Kh2) 23... Qb6 {Black is clearly winning.} 24. Ra2 Bb1 25. Nxb1 {aiming for Qb2.} Rxc1+ {[%mdl 64] [#] Double Attack} 26. Kh2 Rxb1 27. Rd3 Nc4 28. f5 Rb2 29. Rxb2 Qxb2 30. Qg4 (30. Qxb2 $142 Nxb2 31. Rc3) 30... exf5 31. Qxf5 Qe2 32. Rf3 Ne3 {[%csl Ge3][%cal Re2g2][%mdl 64] [#] Double Attack} 33. Rf2 Ng4+ 34. Qxg4 {Accuracy: White = 12%, Black = 78%.} 0-1

[Event "3rd HoliCup Lake City 2019"]
[Site "Udaipur"]
[Date "2019.03.29"]
[Round "3.8"]
[White "Manigandan, S S"]
[Black "Satinder, Sharma"]
[Result "1-0"]
[WhiteElo "2157"]
[BlackElo "1611"]
[Annotator "TA"]
[PlyCount "61"]
[EventDate "2019.??.??"]
[EventCountry "IND"]
[SourceTitle "playchess.com"]
[Source "ChessBase"]
[SourceQuality "1"]

{[%evp 17,61,7,25,8,16,6,10,6,18,11,30,30,33,26,34,29,92,25,25,28,32,33,54,0,0,0,0,0,0,-31,-10,-28,-18,-167,38,27,32,26,262,269,260,254,29988,29989,29989,29990]} 1. d4 Nf6 2. Nf3 d5 3. c4 e6 4. Nc3 Be7 5. Bg5 c6 6. e3 Nbd7 7. Qc2 O-O 8. Rd1 Re8 9. a3 b6 10. Bd3 {D61: Queen's Gambit Declined: Classical: 7 Qc2} h6 11. Bh4 Bb7 12. O-O {The position is equal.} Rc8 13. Rfe1 $146 ({Predecessor:} 13. cxd5 Nxd5 14. Bxe7 Rxe7 15. Ne4 N7f6 16. b4 Rec7 17. Ne5 Qe7 {½-½ (58) Kogan,A (2559)-Graf,A (2661) Mainz 2004}) 13... Nh5 14. Bxe7 Qxe7 15. Ne5 Nhf6 16. f4 dxc4 (16... Red8 $11 {keeps the balance.}) 17. Bxc4 (17. Nxc4 $16 Ba6 18. Rc1) 17... c5 $11 18. Nxd7 Nxd7 19. d5 exd5 20. Nxd5 (20. Bxd5 $14 Bxd5 21. Nxd5) 20... Bxd5 21. Rxd5 Nf6 22. Re5 $36 {[%mdl 2048] White is more active.} Qc7 23. Qf5 Rcd8 24. h3 Re7 25. e4 (25. Rxe7 $11 {and White stays safe.} Qxe7 26. Qc2) 25... Qd7 $2 {[#]} ({Black should try} 25... Red7 $19 26. Bd5 c4) 26. Rxe7 $14 Qxe7 27. e5 {And now Kh2 would win.} Nh7 $2 (27... Rd2 $11 {and Black is okay.}) 28. e6 $18 {[%cal Re6f7]} f6 29. Qg6 Rd4 $2 {[#]} (29... a6 $18 30. Bxa6 Nf8) 30. Qf7+ Qxf7 31. exf7+ {Accuracy: White = 40%, Black = 31%.} 1-0

[Event "3rd HoliCup Lake City 2019"]
[Site "Udaipur"]
[Date "2019.03.29"]
[Round "3.9"]
[White "Dahale, Atul"]
[Black "Krishnan, Ritvik"]
[Result "1/2-1/2"]
[WhiteElo "2102"]
[BlackElo "1607"]
[Annotator "TA"]
[PlyCount "50"]
[EventDate "2019.??.??"]
[EventCountry "IND"]
[SourceTitle "playchess.com"]
[Source "ChessBase"]
[SourceQuality "1"]

{[%evp 12,50,46,49,79,71,68,74,79,78,74,79,116,125,113,60,135,132,147,133,262,275,273,277,393,399,373,383,420,416,426,417,408,395,373,328,333,-179,-191,-277,-14]} 1. d4 Nf6 2. c4 g6 3. Nc3 Bg7 4. e4 d6 5. Be2 O-O 6. Be3 e5 7. d5 Ne8 {E73: King's Indian: Averbakh Variation without 6...c5} (7... Na6 8. h4 Nc5 9. Qc2 c6 10. h5 cxd5 11. cxd5 Qa5 12. h6 Bh8 13. f3 Bd7 14. Rb1 Na4 15. Qd2 Nxc3 16. bxc3 {½-½ (49) Eljanov,P (2676)-Demchenko,A (2679) Germany 2019}) 8. g4 f5 9. gxf5 gxf5 {White is better.} 10. exf5 Bxf5 11. Nf3 Nf6 12. Rg1 Kh8 13. Qd2 ({Better is} 13. Nh4 $16 Bd7 14. Qc2) 13... Ng4 $146 (13... Nbd7 $14) ({Predecessor:} 13... Qe7 14. O-O-O Na6 15. Ng5 {1-0 (58) Shishkin,V (2509)-Janik,I (1930) Szklarska Poreba 2013}) 14. Bg5 $16 Bf6 15. h3 $1 $36 {[%cal Rh3g4][%mdl 2112] Trapped Piece. Keeping Black busy.} e4 (15... Bxg5 $16 16. Nxg5 Nf6) 16. hxg4 $18 exf3 17. gxf5 Bxg5 (17... fxe2 {was necessary.} 18. Bxf6+ (18. Kxe2 Nd7 $14) 18... Qxf6) 18. Rxg5 ({Less strong is} 18. Qxg5 Qxg5 19. Rxg5 fxe2 $16) 18... fxe2 19. Nxe2 Qf6 20. O-O-O Nd7 21. Nf4 Ne5 {aiming for ...Nf3.} ({Don't play} 21... Qxg5 22. Ng6+ $1 {[%mdl 512]} Qxg6 23. fxg6 $18) 22. Rh5 Rf7 23. Rdh1 Rg8 24. Rh6 $4 {[%mdl 8192]} (24. Kb1 $18 {and all is fine.}) 24... Qxf5 $19 {Threatens to win with ...Rg4.} 25. R6h4 {[#]} (25. R6h3 {is the only way for White.}) 25... Qf6 $2 {Accuracy: White = 57%, Black = 43%.} ({Weaker is} 25... Nxc4 26. Qd3 $17) (25... Rg4 $1 $19 26. Rxg4 Qxg4) 1/2-1/2

[Event "3rd HoliCup Lake City 2019"]
[Site "Udaipur"]
[Date "2019.03.29"]
[Round "3.10"]
[White "Mayank, Sharma Nandkishore"]
[Black "Dutta, Joydeep"]
[Result "1/2-1/2"]
[WhiteElo "1622"]
[BlackElo "2097"]
[Annotator "NA RC"]
[PlyCount "52"]
[EventDate "2019.??.??"]
[EventCountry "IND"]
[SourceTitle "playchess.com"]
[Source "ChessBase"]
[SourceQuality "1"]
[TimeControl "5400+30"]

{[%evp 8,52,146,29,56,39,51,0,11,11,28,0,33,0,10,-5,32767,32767,32767,32767,0,2,14,0,10,14,14,9,14,7,27,13,23,10,23,37,32767,16,99,32,35,55,35,47,30,12,13]} 1. d4 {[%emt 0:00:00]} d6 {[%emt 0:11:51]} 2. e4 {[%emt 0:00:00]} Nd7 {[%emt 0:07:40]} 3. Nf3 {[%emt 0:00:10]} e5 {[%emt 0:00:24]} 4. Bc4 {[%emt 0:00:17]} Be7 {[%emt 0:00:10]} 5. Nc3 {[%emt 0:00:34]} c6 {[%emt 0:00:03]} 6. O-O {[%emt 0:00:10]} Ngf6 {[%emt 0:03:37]} 7. Bb3 {[%emt 0:03:10]} O-O {[%emt 0:01:32]} 8. Re1 {[%emt 0:03:59]} Qc7 {[%emt 0:03:45] C41: Philidor Defence} (8... h6 9. h3 Re8 10. Be3 Bf8 11. a4 exd4 12. Bxd4 b6 13. Qd3 Qc7 14. Nh4 Nc5 15. Bxc5 bxc5 16. Ng6 {½-½ (29) Gashimov,V (2740)-Kramnik,V (2790) Nice 2010}) 9. h3 {[%emt 0:02:14]} a5 {[%emt 0:01:44]} 10. a3 {[%emt 0:00:42]} exd4 $146 {[%emt 0:07:08]} ({Predecessor:} 10... h6 11. Be3 Re8 12. Qd2 Bf8 13. d5 c5 14. Bc4 Kh7 15. Bd3 g6 16. b4 {½-½ (27) Enkhsaran,B (1380)-Amarsaikhan,D (1764) Ulaanbaatar 2016}) 11. Qxd4 {[%emt 0:01:33]} Nc5 {[%emt 0:05:01]} 12. Bf4 {[%emt 0:03:34]} Nxb3 {[%emt 0:01:45]} 13. cxb3 {[%emt 0:00:19]} Be6 {[%emt 0:04:05]} 14. b4 {[%emt 0:05:04]} axb4 {[%emt 0:02:39]} 15. axb4 {[%emt 0:00:07]} Rfd8 {[%emt 0:05:24]} 16. Rxa8 {[%emt 0:03:09]} Rxa8 {[%emt 0:00:04]} 17. Rd1 {[%emt 0:00:56]} Ne8 {[%emt 0:01:29]} 18. Qe3 {[%emt 0:20:06]} Qc8 {[%emt 0:09:17]} 19. Nd4 {[%emt 0:03:44]} Bf8 {[%emt 0:00:49]} 20. Bg3 {[%emt 0:06:06]} Ra6 {[%emt 0:02:16]} 21. b5 {[%emt 0:02:52]} Ra5 {[%emt 0:01:03]} 22. Kh2 {[%emt 0:07:40]} Qa8 {[%emt 0:08:45]} (22... g6 $11 {remains equal.}) 23. f4 {[%emt 0:03:56]} (23. e5 $5 {[%cal Rd4e6]} d5 24. Nb3 $14) 23... Bc4 {[%emt 0:03:37]} 24. b3 {[%emt 0:08:44]} Bxb5 {[%emt 0:01:08]} 25. Ndxb5 {[%emt 0:00:12]} cxb5 {[%emt 0:00:02]} 26. f5 {[%emt 0:00:46]} Ra1 $11 {[%emt 0:04:45]} 1/2-1/2

[Event "3rd HoliCup Lake City 2019"]
[Site "Udaipur"]
[Date "2019.03.29"]
[Round "3.11"]
[White "Pandey, Srishti"]
[Black "Dadwani, Sahil"]
[Result "1-0"]
[WhiteElo "2020"]
[BlackElo "1605"]
[Annotator "NA RC"]
[PlyCount "69"]
[EventDate "2019.??.??"]
[EventCountry "IND"]
[SourceTitle "playchess.com"]
[Source "ChessBase"]
[SourceQuality "1"]
[TimeControl "5400+30"]

{[%evp 8,68,10,-2,0,0,2,-19,0,0,0,-14,21,13,17,0,0,0,-1,-30,5,-6,0,0,43,39,45,47,64,60,61,47,45,12,10,3,79,44,80,81,81,79,67,66,157,160,181,195,296,342,316,321,310,362,1005,2066,1564,2550,5377,32767,29985,29987,29988]} 1. e4 {[%emt 0:00:00]} c5 {[%emt 0:00:04]} 2. b3 {[%emt 0:00:00]} e6 {[%emt 0:03:23]} 3. Bb2 {[%emt 0:01:17]} Nc6 {[%emt 0:00:50]} 4. Nf3 {[%emt 0:03:19]} d6 {[%emt 0:03:41]} 5. Be2 {[%emt 0:00:39]} Nf6 {[%emt 0:01:09]} 6. Nc3 {[%emt 0:01:05]} Be7 {[%emt 0:01:08]} 7. O-O {[%emt 0:00:57]} O-O {[%emt 0:02:13]} 8. d4 {[%emt 0:00:59]} cxd4 {[%emt 0:03:20]} 9. Nxd4 {[%emt 0:00:31]} Nxd4 {[%emt 0:09:34] B83: Sicilian Scheveningen: 6 Be2, lines without ...a6} (9... a6 10. a4 Qc7 11. Bf3 Ne5 12. Be2 Rb8 13. f4 Nc6 14. Kh1 b6 15. Bf3 Bb7 16. Nde2 Rfd8 17. Ng3 {1-0 (31) Dourerassou,J (2580)-Mayer,P (2330) Le Port Marly 2013}) 10. Qxd4 {[%emt 0:00:12]} Bd7 $146 {[%emt 0:00:30]} ({Predecessor:} 10... e5 11. Qe3 Bg4 12. Bxg4 Nxg4 13. Qg3 Nf6 14. Rfe1 a6 15. Nd5 Nxd5 16. exd5 Bh4 17. Qg4 {½-½ (39) Neumann,F (678)-Popov,M (996) LSS email 2011}) 11. Rad1 {[%emt 0:07:02]} Qc7 {[%emt 0:13:26]} 12. Rfe1 {[%emt 0:15:14]} a6 {[%emt 0:09:02]} 13. Bf3 {[%emt 0:10:05]} Bc6 {[%emt 0:03:34]} 14. Ne2 {[%emt 0:04:15]} Rfd8 {[%emt 0:04:35]} 15. c4 {[%emt 0:05:03]} Ne8 {[%emt 0:16:30]} 16. Qd2 {[%emt 0:04:11]} Bf6 {[%emt 0:01:04]} 17. Nd4 {[%emt 0:01:21]} g6 {[%emt 0:03:15]} 18. Bc3 {[%emt 0:01:03]} a5 {[%emt 0:01:56]} 19. Bg4 {[%emt 0:10:21]} Bd7 {[%emt 0:04:54]} 20. Bh3 {[%emt 0:11:44]} Bg7 {[%emt 0:01:25]} 21. Kh1 {[%emt 0:02:56]} d5 {[%emt 0:05:37]} (21... a4 $11) 22. cxd5 {[%emt 0:02:40]} exd5 {[%emt 0:00:13]} 23. Bxd7 {[%emt 0:00:10]} ({Stronger than} 23. exd5 Bxh3 24. gxh3 Rxd5 $17) 23... Rxd7 {[%emt 0:00:42]} 24. Nb5 {[%emt 0:01:33]} Qc5 {[%emt 0:01:54]} 25. Bxg7 {[%emt 0:00:52]} Nxg7 {[%emt 0:01:05] [#]} ({Black should try} 25... Qxb5 26. Bb2 d4) 26. Nc3 $1 {[%emt 0:02:10]} d4 {[%emt 0:03:35]} 27. Nd5 {[%emt 0:00:08]} Kf8 {[%emt 0:01:11]} (27... Rxd5 $142 28. exd5 Nf5) 28. Nf6 {[%emt 0:03:12]} Rd6 {[%emt 0:02:53]} 29. e5 {[%emt 0:01:54]} Rxf6 {[%emt 0:00:47]} 30. exf6 {[%emt 0:00:01]} Ne6 $2 {[%emt 0:00:20]} (30... Nh5 31. g4 Nxf6) 31. Qh6+ {[%emt 0:00:33] Double Attack} Ke8 {[%emt 0:00:12]} 32. Qxh7 {[%emt 0:00:42]} Rd8 {[%emt 0:00:21]} 33. Qg8+ {[%emt 0:00:52]} Kd7 {[%emt 0:01:11]} 34. Qxf7+ {[%emt 0:00:10] Double Attack} Kc8 {[%emt 0:00:07]} 35. Rc1 {[%emt 0:00:51]} 1-0